Qui sont ces personnages principaux d'animé #1 - Statistiques

Statistiques générales
  • Ce quiz a été pris 284 fois
  • Le résultat moyen est 18 sur 30
Statistiques - réponses
Par images Réponse % Correct
Luffy
100%
Naruto
99%
Eren
97%
Gon
94%
Saitama
93%
Tanjiro
87%
Meliodas
86%
Natsu
86%
Ichigo
83%
Baki
82%
Yuji Itadori
80%
Asta
75%
Son goku
69%
Mash
63%
Senku
59%
Ippo
56%
Denji
53%
Soma
53%
Mob
52%
Thorfinn
48%
Isagi
46%
Jotaro
45%
Limule
38%
Jinwoo Sung
34%
Shinra
34%
Rin
31%
Gabimaru
25%
Rudeus
18%
Vash
7%
Ohma
6%
Aucun quiz correspondant
Distribution des résultats
% des personnes avec chaque résultat
Percentile par nombre de réponses
Votre historique - résultats
Vous n’avez pas pris ce quiz